| 000 | 00623nam a2200181 a 4500 | ||
|---|---|---|---|
| 005 | 20230419063703.0 | ||
| 008 | 991125s1983 mx 000 0 spa u | ||
| 035 | _aUPN01000006230 | ||
| 049 | _aCG | ||
| 050 | 4 |
_aLC5309 U6 _bC31021 1983 GA |
|
| 245 | 0 | 0 |
_aCálculo I : _bunidad II : continuidad y límites de funciones : tema 1 : continuidad. |
| 260 |
_aMéxico : _bUPN, _c1983. |
||
| 300 |
_a82 p. : _bil. |
||
| 500 | _a"Sistema de Educación a Distancia. Especialización en Educación a Distancia. Guía de autoinstrucción" | ||
| 650 | 7 |
_aCálculo _2 _94497 |
|
| 650 | 2 |
_aFunciones (matemáticas) _922527 |
|
| 905 | _aLibro | ||
| 999 |
_c6230 _d6230 |
||